| 000 | 00000nam##2200000za#4500 |
| 001 | 9.639850 |
| 003 | CaOODSP |
| 005 | 20220107134005 |
| 007 | cr ||||||||||| |
| 008 | 150407|2001||||xxc|||||o f|0| 0 fre|d |
| 040 | |aCaOODSP|bfre |
| 043 | |an-cn--- |
| 086 | 1 |aH72-21/21-2001F-PDF |
| 110 | 2 |aCentre national d'information sur la violence dans la famille (Canada) |
| 245 | 10|aListe des publications du Centre national d'information sur la violence dans la famille |h[ressource électronique] |
| 246 | 17|aListe des publications, 2001 - Centre national d'information sur la violence dans la famille |
| 260 | |aOttawa - Ontario : |bSanté Canada. |c2001. |
| 300 | |a50p.|bindex |
| 500 | |a« Liste des publications »--Couverture. Le n° de catalogue (H72-21/21-2001) et l'ISBN (0-662-65661-X) de l'édition imprimée bilingue ont été incorrectement copiés dans l'édition électronique. |
| 590 | |a12-14-Supp|b2012-04-10 |
| 775 | 08|tPublications available from the National Clearinghouse on Family Violence |w(CaOODSP)9.695724 |
| 776 | 0#|tPublications available from the National Clearinghouse on Family Violence, 2001 |w(CaOODSP)9.662699 |
| 776 | 0#|tListe des publications du Centre national d'information sur la violence dans la famille, 2001 |w(CaOODSP)9.662700 |
| 856 | 40|ahttp://publications.gc.ca|qPDF|s307 Ko|uhttps://publications.gc.ca/collections/Collection/H72-21-21-2001F.pdf |